000 00333nam a2200121Ia 4500
008 170224s9999 xx 000 0 und d
245 _aNursing workload in the acute-care setting: A concept analysis of nursing workload
260 _bNursing Outlook
260 _c2016
300 _a64:3
500 _aMay-June
650 _xNursing.
999 _c317042
_d317042